Chinese to English (11) - Statistics

General Stats
  • This quiz has been taken 6 times
  • The average score is 7 of 11
Answer Stats
Chinese English % Correct
Do
80%
Drink
80%
Run
80%
Say
80%
See
80%
Walk
80%
溫習 Study
60%
Write
60%
學習 Learn
40%
教導 Teach
40%
Draw
20%
No matching quizzes found
Score Distribution
Percent of People with Each Score
Percentile by Number Answered
Your Score History
You have not taken this quiz